000 00582nam a22002052 4500
001 0000009588
005 20151217155840.0
008 081111s xx 000 0 eng d
020 _cDonation
040 _aKABU
_cKABU
100 1 _aTrowell, Margaret.
_@0000161300
245 1 0 _aAfrican tapestry /
_cby Margaret Trowell.
250 _a1st ed.
260 _aLondon :
_bFaber & Faber,
_c1957.
300 _a164 p.
651 0 _aAfrica, East
_xSocial life and customs.
_@0000161301
908 _a081111
950 _@1
999 _c13183
_d13183